01397cam a2200289 a 45000010005000000030006000050050017000110080041000280100017000690200015000860200018001010200018001190350023001370400064001600430012002240500026002360820015002621000027002772450047003042600045003513000024003965200581004206500032010016510023010336550022010566550029010783436FISKH20240305143913.0051130s2006 nyu 000 1 eng  a 2005035046 a0307341542 a9780307341549 a9780525575740 a(OCoLC)ocm62421250 aDLCcDLCdIG#dBAKERdWIQdNPLdVP@dYDXCPdOCLCQdDLCbeng an-us-mo00aPS3606.L935bS53 200600a813/.62221 aFlynn, Gillian,d1971-10aSharp objects :ba novel /cGillian Flynn. aNew York :bShaye Areheart Books,c2006. a254 pages ;c25 cm. aWICKED above her hipbone, GIRL across her heart Words are like a road map to reporter Camille Preaker’s troubled past. Fresh from a brief stay at a psych hospital, Camille’s first assignment from the second-rate daily paper where she works brings her reluctantly back to her hometown to cover the murders of two preteen girls. NASTY on her kneecap, BABYDOLL on her leg Since she left town eight years ago, Camille has hardly spoken to her neurotic, hypochondriac mother or to the half-sister she barely knows: a beautiful thirteen-year-old with an eerie grip on the town.  0aWomen journalistsvFiction. 0aMissourivFiction. 0aDomestic fiction. 7aSuspense fiction.2gsafd